| 000 | 00670 a2200217 4500 | ||
|---|---|---|---|
| 001 | 63592 | ||
| 005 | 20260407155934.0 | ||
| 008 | 260407a1975 arg spa d | ||
| 003 | AR-UNSa-BCEJYS | ||
| 040 |
_aAR-UNSa-BCEJYS _bspa _cAR-UNSa-BCEJYS |
||
| 080 |
_a519.226 _xTeoría de la inferencia y de la decisión. Teoría bayesiana. Probabilidades fiduciarias |
||
| 245 | 1 | 0 |
_aTablas de decisiones _pTeoría y práctica |
| 264 | 1 |
_aMéxico : _bLimusa _c1975 |
|
| 300 |
_a171 p. _c27 cm. |
||
| 041 | _aspa | ||
| 942 | _cBK | ||
| 590 | _aniveau_biblio:m niveau_hierar:0 | ||
| 100 | 1 | _aPollack, Salomon L. | |
| 700 | 1 | _aHicks, Harry T. | |
| 700 | 1 | _aHarrison, William J. | |
| 999 |
_c8247 _d8247 |
||